<?xml version="1.0" encoding="UTF-8"?>
<record
    xmlns:xsi="http://www.w3.org/2001/XMLSchema-instance"
    xsi:schemaLocation="http://www.loc.gov/MARC21/slim http://www.loc.gov/standards/marcxml/schema/MARC21slim.xsd"
    xmlns="http://www.loc.gov/MARC21/slim">

  <leader>02148nam a22002897i 4500</leader>
  <controlfield tag="003">Do-SdINT</controlfield>
  <controlfield tag="005">20250605105758.0</controlfield>
  <controlfield tag="008">180220s2024    sp      s    |||| 0|spa d</controlfield>
  <datafield tag="020" ind1=" " ind2=" ">
    <subfield code="a">978-84-19900-58-6</subfield>
  </datafield>
  <datafield tag="040" ind1=" " ind2=" ">
    <subfield code="a">DO-SdINT</subfield>
    <subfield code="e">rda</subfield>
    <subfield code="b">spa</subfield>
    <subfield code="c">DO-SdINT</subfield>
  </datafield>
  <datafield tag="072" ind1=" " ind2=" ">
    <subfield code="a">CSH</subfield>
  </datafield>
  <datafield tag="082" ind1=" " ind2=" ">
    <subfield code="a">370.1523/A696a</subfield>
    <subfield code="2">21</subfield>
  </datafield>
  <datafield tag="245" ind1="1" ind2="0">
    <subfield code="a">El aprendizaje no puede esperar :</subfield>
    <subfield code="b">Lecciones para Am&#xE9;rica Latina y el Caribe a partir de PISA 2022 / </subfield>
    <subfield code="c">Preparado por Elena Arias Ortiz, Mar&#xED;a Soledad Bos, Juliana Chen Peraza, Cecilia Giambruno, Victoria Levin, Victoria Oubi&#xF1;a, Jasmine Anne Pineda, Pablo Zoido ; Traducci&#xF3;n al espa&#xF1;ol, Mariana Bercianos</subfield>
  </datafield>
  <datafield tag="264" ind1=" " ind2=" ">
    <subfield code="a">Washington D.C., Estados Unidos :</subfield>
    <subfield code="b">Banco Interamericano de Desarrollo ;</subfield>
    <subfield code="b">Banco Mundial,</subfield>
    <subfield code="c">2024</subfield>
  </datafield>
  <datafield tag="300" ind1=" " ind2=" ">
    <subfield code="a">1 recurso en l&#xED;nea (71 p&#xE1;ginas)</subfield>
  </datafield>
  <datafield tag="336" ind1=" " ind2=" ">
    <subfield code="a">texto</subfield>
    <subfield code="b">txt</subfield>
    <subfield code="2">rdacontent</subfield>
  </datafield>
  <datafield tag="337" ind1=" " ind2=" ">
    <subfield code="a">computadora</subfield>
    <subfield code="b">c</subfield>
    <subfield code="2">rdamedia</subfield>
  </datafield>
  <datafield tag="338" ind1=" " ind2=" ">
    <subfield code="a">recurso en l&#xED;nea</subfield>
    <subfield code="b">c</subfield>
    <subfield code="2">rdacarrier</subfield>
  </datafield>
  <datafield tag="347" ind1=" " ind2=" ">
    <subfield code="a">archivo de texto</subfield>
    <subfield code="b">PDF</subfield>
    <subfield code="2">rda</subfield>
  </datafield>
  <datafield tag="505" ind1=" " ind2=" ">
    <subfield code="a">Resumen ejecutivo 3 -- 1. Desempe&#xF1;o y equidad en la educaci&#xF3;n 12--  Desempe&#xF1;o 13 -- Equidad 18  -- 2. Tendencias en el desempe&#xF1;o y apoyo al aprendizaje durante la pandemia 32  -- Tendencias en el desempe&#xF1;o de los estudiantes 33  -- Tendencias en la proporci&#xF3;n de estudiantes con bajo desempe&#xF1;o 36 -- Tendencias en equidad relacionadas con el nivel socioecon&#xF3;mico 39 -- Tendencias en equidad relacionadas con el g&#xE9;nero 41 Apoyo a los estudiantes en la escuela y en casa durante la pandemia 43  --  3. Aprendizaje digital en las escuelas de Am&#xE9;rica Latina y el Caribe 52 -- Acceso de los estudiantes a dispositivos y recursos digitales 53 -- Directrices escolares y preparaci&#xF3;n para el aprendizaje digital  57 -- Tiempo dedicado a los dispositivos digitales y tipos de uso 62 -- 4. Conclusiones y agenda de pol&#xED;ticas 66 --  Bibliograf&#xED;a 71 </subfield>
  </datafield>
  <datafield tag="506" ind1="0" ind2=" ">
    <subfield code="a">Open Access</subfield>
  </datafield>
  <datafield tag="650" ind1=" " ind2="7">
    <subfield code="a">Evaluaci&#xF3;n educativa</subfield>
    <subfield code="9">32886</subfield>
  </datafield>
  <datafield tag="650" ind1=" " ind2="7">
    <subfield code="a">Rendimiento acad&#xE9;mico</subfield>
    <subfield code="9">37549</subfield>
  </datafield>
  <datafield tag="650" ind1=" " ind2="7">
    <subfield code="a">Estudiantes</subfield>
    <subfield code="9">32821</subfield>
  </datafield>
  <datafield tag="856" ind1=" " ind2=" ">
    <subfield code="u">https://openknowledge.worldbank.org/server/api/core/bitstreams/79cc9b90-66fc-40f2-bb17-5377abb459b6/content</subfield>
    <subfield code="y">Acceso a Texto Completo</subfield>
  </datafield>
  <datafield tag="942" ind1=" " ind2=" ">
    <subfield code="c">E-BOOK</subfield>
    <subfield code="2">ddc</subfield>
  </datafield>
  <datafield tag="999" ind1=" " ind2=" ">
    <subfield code="c">13439</subfield>
    <subfield code="d">13439</subfield>
  </datafield>
  <datafield tag="952" ind1=" " ind2=" ">
    <subfield code="0">0</subfield>
    <subfield code="1">0</subfield>
    <subfield code="2">ddc</subfield>
    <subfield code="4">0</subfield>
    <subfield code="7">0</subfield>
    <subfield code="a">IDEICE</subfield>
    <subfield code="b">IDEICE</subfield>
    <subfield code="d">2025-05-20</subfield>
    <subfield code="l">0</subfield>
    <subfield code="o">370.1523/A696a</subfield>
    <subfield code="r">2025-05-20 11:27:11</subfield>
    <subfield code="u">https://openknowledge.worldbank.org/server/api/core/bitstreams/79cc9b90-66fc-40f2-bb17-5377abb459b6/content</subfield>
    <subfield code="w">2025-05-20</subfield>
    <subfield code="y">LIB</subfield>
  </datafield>
</record>
